000 00505nam a2200181Ia 4500
001 16353
005 20260306170303.0
008 260306t1996||||xx |||||||||||||| ||und||
041 _aESP
082 _a348.53
_bM42
100 _aMéndez Chang, Elvira
_eAUT
245 0 _aEl principio precautorio y su aplicación a los ensayos nucleares subterráneos franceses en el Pacífico Sur
260 _c1996
300 _a96 páginas :
_ccm.
650 _aGEN
654 _aCDE
942 _cLIB
_dJUS
_fJUS
_2ddc
_n
999 _c16353
_d16353